Les 10 meilleurs buteurs en 2003. - Statistiques

Statistiques générales
  • Ce quiz a été pris 73 fois
  • Le résultat moyen est 6 sur 10
Statistiques - réponses
Buts Joueurs Clubs % Correct
45 Ronaldo Real
93%
42 Thierry Henry Arsenal
93%
48 Ruud Van Nistelrooy Man United
73%
35 Raul Real
72%
26 Alan Shearer Newcastle
57%
33 David Trezeguet Juve
57%
28 Samuel Eto'o Majorque
55%
28 Michael Owen Liverpool
51%
29 Christian Vieri Inter
25%
29 Jan Koller Dortmund
16%
Aucun quiz correspondant
Distribution des résultats
% des personnes avec chaque résultat
Percentile par nombre de réponses
Votre historique - résultats
Vous n’avez pas pris ce quiz